Sociálna práca - ľudské práva - vzdelávanie dospelých zborník referátov z vedeckej konferencie s medzinárodnou účasťou : Prešov 24. a 25.11.1998

Bibliographic Details
Main Author: Tokárová, Anna, 1946- (Author, comlred)
Format: Book
Language:Slovak
Czech
English
Polish
PhysicalDescription:614 strán schémy, tabuľky 21 cm
Published: Prešov Filozofická fakulta Prešovskej univerzity 1998
ISBN:8088885493
Edition:1. vyd.
Series:Acta Facultatis Philosophicae Universitatis Prešoviensis Humanistický zborník
Subjects:

MARC

LEADER 00000cam a2200000 a 4500
001 vtls001359693
003 SK-MaSNL
005 20260301115028.0
008 250414s1998 xo l frn 10000 slo
015 |a SNBA1999/07-02634 
020 |a 8088885493  |q (brožované) 
035 |a SNK000313232 
040 |a SNK  |b slo  |c SNK  |e AACR2 
041 0 |a slo  |a cze  |a eng  |a pol 
044 |a xo  |c SK 
072 7 |a 342  |x Ústavné právo. Správne právo  |2 konspekt 
072 7 |a 364-1/-7  |x Druhy sociálnej pomoci a služieb  |2 konspekt 
072 7 |a 374  |x Výchova a vzdelávanie dospelých. Mimoškolská výchova a vzdelávanie  |2 konspekt 
080 |a 362(082)=854=850  |2 1981 
080 |a 364-78  |2 2011 
080 |a 342.7  |2 2011 
080 |a 374.7  |2 2011 
080 |a (062.534)  |2 2011 
245 0 0 |a Sociálna práca - ľudské práva - vzdelávanie dospelých  |b zborník referátov z vedeckej konferencie s medzinárodnou účasťou : Prešov 24. a 25.11.1998  |c [zostavovateľka a vedecká redaktorka: Anna Tokárová] 
250 |a 1. vyd. 
260 |a Prešov  |b Filozofická fakulta Prešovskej univerzity  |c 1998 
300 |a 614 strán  |b schémy, tabuľky  |c 21 cm 
366 |e 450 výtl. 
490 1 |a Acta Facultatis Philosophicae Universitatis Prešoviensis. Humanistický zborník  |v 6/88 
504 |a Bibliografia za jednotlivými príspevkami 
546 |a Čiastočný text v angličtine, češtine a poľštine 
650 0 7 |a sociálna práca  |2 SNKPH  |9 1550 
650 0 7 |a ľudské práva  |2 SNKPH  |9 798 
650 0 7 |a vzdelávanie dospelých  |2 SNKPH  |9 4999 
655 7 |a zborníky konferencií  |2 SNKPH  |9 70153 
700 1 |a Tokárová, Anna,  |d 1946-  |4 comlred  |4 aut  |9 102549 
710 2 |a Prešovská univerzita v Prešove.  |b Filozofická fakulta  |4 pbl  |9 179573 
830 0 |a Acta Facultatis Philosophicae Universitatis Prešoviensis  |p Humanistický zborník  |9 383085 
852 |a Slovenská národná knižnica 
919 |a 80-88885-49-3 
954 |a odborná, vedecká literatúra pôvodná (slovenská)  |2 lita 
954 |a odborná, vedecká literatúra cudzojazyčná (svetová)  |2 lita 
958 |a ART 
958 |a TL 
958 |a NB 
958 |a OND 
999 |c 720679  |d 722609 
952 |a SNK  |b SNK  |y PREZ  |7 0  |p 17A0189343  |o snkSC 98313  |i snkKSP 3946/99  |0 0  |1 0  |4 0  |d 1999-04-12  |f 1  |l 0  |r 2025-09-18 00:00:00  |w 2026-02-23 
952 |a SNK  |b SNK  |y VYP  |7 0  |p 17A0594002  |o snkSC 98313 D1  |i snkKSP 3947/99  |0 0  |1 0  |4 0  |d 1999-04-12  |l 0  |r 2005-01-02 00:00:00  |w 2026-02-23